Crisis de la democracia?. Conferencia de derecho público 1974

Saved in:
Bibliografiske detaljer
Main Authors: Soto Kloss, Eduardo (Author), Bustos, Ismael (Author), Verdugo Marinkovic, Mario (Author), Bulnes Aldunate, Luz (Author), Soto Calderón, Juan Carlos (Author), Cruz-Coke Ossa, Carlos (Author), Cumplido Cereceda, Francisco (Author), Cuevas Farren, Gustavo (Author), Fernández Richard, José (Author)
Andre forfattere: Novoa Fuenzalida, Patricio (autor)
Format: Bog
Sprog:spansk
Udgivet: Santiago Revista de Derecho Público 1975
Fag:
Tags: Tilføj Tag
Ingen Tags, Vær først til at tagge denne postø!

MARC

LEADER 00000nam a2200000 a 4500
001 UCT7131
003 CL-VaPUC
008 970116e19750000CL |||||||||||||||||spa|d
082 0 4 |a 321.4  |b SOT  |2 21 
100 0 |a Soto Kloss, Eduardo  |e author  |9 377849 
700 0 |a Bustos, Ismael  |e author  |9 377850 
700 0 |a Verdugo Marinkovic, Mario  |e author  |9 377851 
700 0 |a Bulnes Aldunate, Luz  |e author  |9 377852 
700 0 |a Soto Calderón, Juan Carlos  |e author  |9 377853 
700 0 |a Cruz-Coke Ossa, Carlos  |e author  |9 377854 
700 0 |a Cumplido Cereceda, Francisco  |e author  |9 377855 
700 0 |a Cuevas Farren, Gustavo  |e author  |9 377856 
700 0 |a Fernández Richard, José  |e author  |9 377857 
700 |a Novoa Fuenzalida, Patricio  |e autor  |9 481778 
245 1 0 |a Crisis de la democracia?. Conferencia de derecho público 1974 
300 |a 236 p 
942 |c BK 
945 |d 19970116 00:00:00  |a paguirre 
260 |a Santiago  |b Revista de Derecho Público  |c 1975 
650 0 |a Democracia  |9 255256 
650 7 |a SISTEMAS POLITICOS  |2 CL-VaPUC  |9 377859 
650 0 |a Doctrinas políticas  |9 255835 
650 0 |a Elecciones  |9 254997 
650 0 |a Representación política   |9 362081 
651 7 |a CHILE  |2 CL-VaPUC  |9 377860 
583 |a last modification  |c 19970116 00:00:00  |k Rodrigo Vera 
999 |c 255791  |d 255789 
952 |0 0  |1 0  |4 0  |6 321_400000000000000_SOT_1975  |7 0  |8 A  |9 278214  |a BIBDER  |b BIBDER  |d 2019-11-19  |i 1806610  |o 321.4 SOT 1975  |p 1806610  |r 2023-01-25  |w 2019-11-19  |y BK  |k DER